| 000 | 01163nam0a2200361 4500 | ||
|---|---|---|---|
| 001 | RU\NLR\bibl\96086 | ||
| 005 | 20260409072342.0 | ||
| 010 |
_a5-89081-022-7 _9500 |
||
| 021 |
_aRU _b2000-9470 _9473 |
||
| 035 | _a(NLR Aleph) 000093920 | ||
| 090 |
_a527908 _c527908 |
||
| 100 | _a20000705d2000 k y0rusy50 ca | ||
| 101 | 0 | _arus | |
| 102 | _aRU | ||
| 105 | _ac ||||||||| | ||
| 200 | 1 |
_aТекст и дискурс (через призму иньян-концепции) _fЧан Ким Бао |
|
| 210 |
_aМ. _cТворчество _d2000 |
||
| 215 |
_a[1], 176 с. _cпортр. _d21 |
||
| 300 | _aНа 2-й с. авт.: Чан Ким Бао - к. филол. н. | ||
| 320 | _aБиблиогр.: с. 156-173 (255 назв.) | ||
| 606 | 0 |
_aТекст _91761477 _3RU\NLR\auth\661085225 |
|
| 606 |
_aСемиотика (лингв.) _91604813 _3RU\NLR\auth\661005014 |
||
| 686 | _aШ102.23 | ||
| 686 | _aШ100.1 | ||
| 686 | _aШ100.42 | ||
| 686 | _aЮ41 | ||
| 700 | 1 |
_aЧан Ким Бао _4070 |
|
| 801 | 0 |
_aRU _bNLR _c20000705 _gPSBO |
|
| 801 | 1 |
_aRU _bNLR _c20000705 |
|
| 852 |
_aNLR _j2000-3/5711 |
||
| 942 | _cBOOK | ||
| 980 | _aNB | ||